Catàleg de formació 2007 : Igualtat i Ciutadania Igualtat i Ciutadania
Descripción Física:
105 p. : quadres ; 30 cm
Materias:
Personal -- Administració -- Formació
MARC
| LEADER | 00000nam a2200000Ia 4500 | ||
|---|---|---|---|
| 001 | 19051 | ||
| 008 | 160829s2007 xx 000 0 cat d | ||
| 080 | |a M-5-417 | ||
| 245 | |a Catàleg de formació 2007 : |b Igualtat i Ciutadania | ||
| 260 | |a Barcelona : |b Diputació de Barcelona. Àrea d'Igualtat i Ciutadania, |c 2007 | ||
| 300 | |a 105 p. : |b quadres ; |c 30 cm | ||
| 650 | |a Personal |x Administració |x Formació |9 41450 | ||
| 710 | |a Barcelona (Catalunya : Província). |b Àrea d'Igualtat i Ciutadania |9 7840 | ||
| 901 | |a Arxiu | ||
| 942 | |n 1 | ||
| 952 | |0 0 |1 0 |4 0 |6 M5417 |7 1 |9 52193 |a Arxiu |b Arxiu |d 2016-12-01 |l 0 |o M-5-417 |p 19051 |r 2016-12-01 00:00:00 |w 2016-12-01 |y ARXIU | ||
| 999 | |c 56041 |d 56041 | ||